Más sobre temas de hoy
Guardado en:
| Autor principal: | |
|---|---|
| Formato: | Libro |
| Lenguaje: | español |
| Publicado: |
Madrid
s.n
1979
|
| Materias: | |
| Etiquetas: |
Agregar Etiqueta
Sin Etiquetas, Sea el primero en etiquetar este registro!
|
MARC
| LEADER | 00000nam a2200000 a 4500 | ||
|---|---|---|---|
| 001 | UCX1790 | ||
| 003 | CL-VaPUC | ||
| 008 | 901102e19790000SP |||||||||||||||||spa|d | ||
| 082 | 0 | 4 | |a 320.5 |b VAL |2 21 |
| 100 | |a Vallet de Goytisolo, Juan B. |e autor |9 258258 | ||
| 245 | 1 | 0 | |a Más sobre temas de hoy |
| 300 | |a 459 p | ||
| 942 | |c BK | ||
| 945 | |d 19901102 00:00:00 | ||
| 260 | |a Madrid |b s.n |c 1979 | ||
| 650 | 7 | |a TACTICAS POLITICAS |2 CL-VaPUC |9 317475 | |
| 650 | 7 | |a PSICOLOGIA POLITICA |2 CL-VaPUC |9 317476 | |
| 583 | |a last modification |c 20120708 10:01:26 |k Rodrigo Vera | ||
| 999 | |c 222952 |d 222950 | ||
| 952 | |0 0 |1 0 |4 0 |6 320_500000000000000_VAL_1979 |7 0 |8 A |9 218277 |a BIBENE |b BIBENE |d 2019-11-15 |i 2871157 |o 320.5 VAL 1979 |p 2871157 |r 2025-01-15 |w 2019-11-15 |y BK |k ICO | ||